000 00683nam a2200241Ia 4500
001 Z_4793
003 CHAP
008 220113s1983 xx 000 0 und d
010 _a167846
040 _cCHAP
090 _aTesis G 270
100 _aGarcía Winder, Miguel
_9137373
245 _aEndocrine mechanisms associated with suckling during the postpartum period in beef cows /
_cpor Miguel García Winder
260 _aLincoln, Nebraska :
_bEl autor,
_c1983
300 _a84 h.
502 _aThesis (Master of Science of Animal Science) -- University of Nebraska
901 _aTESIS G 270
902 _aM
910 _a1983
942 _c2
942 _c2
999 _c167846
_d167846